| 000 | 00663nab a2200205 a 4500 | ||
|---|---|---|---|
| 005 | 20210223125810.0 | ||
| 008 | 991125s1985 mx 000 0 spa u | ||
| 035 | _aUPN01000142355 | ||
| 100 | 1 |
_aGervilla Castillo, Enrique _937733 |
|
| 222 | _aREVISTA DE CIENCIAS DE LA EDUCACION | ||
| 245 | _aLa filosofía de la educación hoy : necesidad de recuperar el sabor del saber y el sentido último de la formación humana | ||
| 260 | _aMadrid, España | ||
| 300 | _a35-49 | ||
| 362 | 0 | _a2000 No. 184, oct.-dic. | |
| 653 | 0 | _aFILOSOFIA EDUCATIVA | |
| 653 | 0 | _aENSEÑANZA | |
| 653 | 0 | _aFORMACION DOCENTE | |
| 653 | 0 | _aEDUCACION SUPERIOR | |
| 905 | _aArticulo | ||
| 999 |
_c114502 _d114502 |
||